000 00959cab a2200253 4500
001 ABS43909
008 090401t1991 xxu||||| |||| 00| 0 eng d
035 _a(Sirsi) u44229
041 _aeng
100 _aCottam, G.
245 _aPayment clause that failed
260 _c1991
350 _a0
490 _aConstruction News
_v(6197) 17 January 1991, 11(1)
520 _aReports on A Cameron Ltd v John Mowlem plc (1989) in which the adjudication provisions in DOM/1 , aimed at protecting subcontractors from excessive deductions from their payments by way of set off , were found to be ineffective.
650 _aMANAGEMENT-DISPUTE AVOIDANCE, MANAGEMENT AND RESOLUTION-DISPUTE MANAGEMENT AND RESOLUTION-ARBITRATION
650 _aBUILT ENVIRONMENT-BUILDING CONTRACT FORMS
650 _aCASE LAW
650 _aCLAIMS
650 _aINTERIM PAYMENTS
690 _aBUILT ENVIRONMENT-BUILDING CONTRACT FORMS
942 _n0
948 _c04/03/1997
999 _c28192
_d28192